000 00626nam a22001577a 4500
008 160526b xxu||||| |||| 00| 0 eng d
082 _22014
_aUT 0526
_bSa77
100 _99130
_aSartorio, Jayferr S.
245 _aMathematics and statistics perception and mathematics performance of UMDC students/
_cJayferr S. Sartorio, Junuis Javier O. Irada and Brenn Stephen A. Nuevo.
260 _aDigos City:
_bUMDC
_cOctober 2014.
300 _a54 pages;
_c30 cm.
650 0 _99129
_aEducation
_vMathematics
_xUndergraduate thesis.
700 _99127
_aIrada, Junuis Javier O.
700 _99128
_aNuevo, Brenn Stephen A.
942 _2ddc
_cUT
999 _c2756
_d2756